Wszyscy Piłkarze Juventusu 04.10.2020 - Statystyki

Ogólne statystyki
  • Ten quiz został rozwiązany 93 razy
  • Średni wynik to 14 z 23
Statystyki odpowiedzi
Pozycja Piłkarz % Poprawnych
BR Szczęsny
99%
ŚO Chiellini
91%
ŚO Bonucci
90%
LN Ronaldo
87%
BR Buffon
86%
ŚPO Dybala
82%
LO Sandro
78%
N Morata
69%
PO Cuadrado
64%
ŚO De ligt
62%
ŚP Rabiot
62%
ŚP Arthur
61%
PO Danilo
60%
PN Chiesa
58%
PN Bernardeschi
48%
PN Kulusevski
48%
ŚP Ramsey
45%
BR Pinsoglio
42%
ŚP Bentancur
40%
ŚO Demiral
35%
ŚP McKennie
35%
ŚP Khedira
27%
BR Gori
4%
Nie znaleziono quizów pasujących do podanych kryteriów
Rozkład punktacji
Procent ludzi z każdym wynikiem
Percentyl według liczby udzielonych odpowiedzi
Twoja historia wyników
Nie rozwiązałeś tego quizu